Preserving biodiversity: species, ecosystems, or landscape? (Registro nro. 11950)

Detalles MARC
000 -CABECERA
Campo de control 004530000a22001450004500
090 ## - CLASIFICACIÓN LOCAL
Colección AR
Consecutivo 02890
041 0# - IDIOMA
Código de idioma para texto/pista de sonido o título separado
100 1# - ASIENTO PRINCIPAL--NOMBRE PERSONAL
Nombre personal Franklin, Jerry F.
245 10 - MENCION DE TITULO
Título Preserving biodiversity: species, ecosystems, or landscape?
650 14 - ASIENTO SECUNDARIO DE MATERIA - TERMINO TEMATICO
Término temático o nombre geográfico como elemento de entrada Selección de áreas protegidas
650 14 - ASIENTO SECUNDARIO DE MATERIA - TERMINO TEMATICO
Término temático o nombre geográfico como elemento de entrada Prioridades de conservación
650 14 - ASIENTO SECUNDARIO DE MATERIA - TERMINO TEMATICO
Término temático o nombre geográfico como elemento de entrada Ecología
773 1# - Item fuente:
Título Ecological Applications
Especificación de materiales 153
Descripción física 2
Paginas del Articulo 202-205
Lugar, editorial y fecha de publicación 1993
Información sobre la relación 3
942 ## - ELEMENTOS ADICIONALES (KOHA)
Tipo de ítem Artículo
Existencias
Withdrawn status Lost status Damaged status No para préstamo Colección Ubicación Permanente Ubicación actual Fecha de adquisición Fuente de Valor Datos de publicación Seriada Total Checkouts Número topográfico Inventario / Código de Barras Date last seen Ejemplar Price effective from Forma de adquisición Tipo de material
      No para Préstamo Hemeroteca Bogotá Bogotá 27/02/2015 Arango, Natalia Fuera de circulación   AR 02890 013299 25/03/2015 1 25/03/2015   Artículo